000
00298nam a2200121Ia 4500
008
240521s9999 xx 000 0 und d
020
_a
978-0-140-51323-3
041
_a
eng
100
_a
FLEMINGO CLOHN
245
_a
DICTIONARY OF ARCHITECTURE
260
_b
PENGUIN BOOKS LTD
300
_a
VII+645
999
_c
1161881
_d
1161881